[Event "London Chess Classic op 10th"]
[Site "London"]
[Date "2018.12.12"]
[Round "4"]
[White "Abedian, Mohsen"]
[Black "Rushbrooke, Tibo"]
[Result "0-1"]
[WhiteElo "1567"]
[BlackElo "1652"]
[PlyCount "102"]
[EventDate "2018.12.09"]
[EventType "swiss"]
[EventRounds "5"]
[EventCountry "ENG"]
[SourceTitle "EXT 2021"]
[Source "ChessBase"]
[SourceDate "2020.10.23"]
[SourceVersion "1"]
[SourceVersionDate "2020.10.23"]
[SourceQuality "1"]

1. e4 e5 2. Nf3 Nc6 3. Nc3 Nf6 4. g3 d5 5. exd5 Nxd5 6. Be2 Be6 7. Ne4 h6 8. d3 f5 9. Ned2 Qf6 10. c3 0-0-0 11. Qc2 g5 12. Nb3 Bf7 13. Bd2 Bg6 14. 0-0-0 e4 15. Nfd4 Nxd4 16. Nxd4 Bc5 17. dxe4 Bxd4 18. exd5 Bxf2 19. Bd3 Rxd5 20. Rhf1 Bb6 21. c4 Rd6 22. Bxf5+ Kb8 23. Bxg6 Qxg6 24. Bb4 Be3+ 25. Kb1 Rxd1+ 26. Rxd1 Qc6 27. Qd3 a5 28. Bxa5 Bc5 29. Bc3 Rf8 30. Rd2 h5 31. b4 Be7 32. b5 Qb6 33. Kc2 g4 34. Re2 Bf6 35. Qf5 Qd6 36. Bxf6 Rxf6 37. Qxh5 Qd4 38. Qe8+ Ka7 39. Qe3 Qxe3 40. Rxe3 Rf2+ 41. Kb3 Rf3 42. Rc3 Kb6 43. a3 c6 44. bxc6 bxc6 45. Kb2 Ka5 46. Kc2 Rf2+ 47. Kd3 Rf3+ 48. Kd4 c5+ 49. Kxc5 Rxc3 50. Kd4 Rxa3 51. c5 Kb5 0-1

[Event "London Chess Classic op 10th"]
[Site "London"]
[Date "2018.12.10"]
[Round "2"]
[White "Moir, Donald"]
[Black "Abedian, Mohsen"]
[Result "0-1"]
[WhiteElo "1187"]
[BlackElo "1567"]
[PlyCount "72"]
[EventDate "2018.12.09"]
[EventType "swiss"]
[EventRounds "5"]
[EventCountry "ENG"]
[SourceTitle "EXT 2021"]
[Source "ChessBase"]
[SourceDate "2020.10.23"]
[SourceVersion "1"]
[SourceVersionDate "2020.10.23"]
[SourceQuality "1"]

1. d4 f5 2. Nf3 d6 3. Bf4 g6 4. e3 Nf6 5. h3 c6 6. Bc4 Qa5+ 7. c3 Bg7 8. 0-0 Qb6 9. Qb3 Qxb3 10. Bxb3 h6 11. Nbd2 Nbd7 12. Bh2 Nf8 13. Rfe1 g5 14. Nc4 g4 15. hxg4 Nxg4 16. Bg3 Ng6 17. Nh4 Nxh4 18. Bxh4 Bf6 19. Bg3 h5 20. e4 fxe4 21. Rxe4 d5 22. Re2 dxc4 23. Bxc4 Bf5 24. Bd6 Kd7 25. Bf4 e6 26. f3 Nh6 27. Rae1 Rae8 28. a4 Nf7 29. b4 Bg5 30. Bh2 Nd6 31. Bb3 a6 32. c4 Bd3 33. d5 Bxe2 34. dxe6+ Rxe6 35. c5 Bc4 36. Rxe6 Kxe6 0-1

[Event "London Classic op U1750 9th"]
[Site "London"]
[Date "2017.12.08"]
[Round "5"]
[White "Watson, Steven L"]
[Black "Abedian, Mohsen"]
[Result "1-0"]
[WhiteElo "1582"]
[BlackElo "1510"]
[PlyCount "103"]
[EventDate "2017.12.04"]
[EventType "swiss"]
[EventRounds "5"]
[EventCountry "ENG"]
[SourceTitle "CBM 182 Extra"]
[Source "ChessBase"]
[SourceDate "2018.02.23"]
[SourceVersion "1"]
[SourceVersionDate "2018.02.23"]
[SourceQuality "1"]

1. e4 e5 2. Nf3 Nf6 3. Nc3 Nc6 4. d4 exd4 5. Nxd4 Nxd4 6. Qxd4 d6 7. Bg5 h6 8. Bxf6 gxf6 9. f4 Bg7 10. f5 h5 11. 0-0-0 Bh6+ 12. Kb1 Bf4 13. Be2 Be5 14. Qd3 c6 15. Qh3 Qb6 16. Rd3 Bd7 17. Bxh5 0-0-0 18. Qf3 Rh7 19. h3 c5 20. Bg4 c4 21. Rd2 Rg8 22. Rhd1 Bc6 23. Ka1 Rd8 24. Rb1 Qa5 25. Qe3 b5 26. Nd5 Rd7 27. c3 Rb7 28. Nb4 Qc7 29. Nxc6 Qxc6 30. Rd5 Rb6 31. Be2 Ra6 32. a3 Rg7 33. g4 Rh7 34. Ka2 Ra4 35. b3 Ra6 36. bxc4 Rxa3+ 37. Kxa3 Qa6+ 38. Kb2 b4 39. Rxe5 Qa3+ 40. Kc2 Qa2+ 41. Kc1 Qa3+ 42. Kd1 fxe5 43. Rxb4 f6 44. Qc1 Qa6 45. Bf1 Qc6 46. Qe3 a5 47. Qb6 Qa8 48. Rb5 a4 49. Bg2 Ra7 50. Kc2 a3 51. Qxd6 Rd7 52. Rc5+ 1-0

[Event "London Classic op U1750 8th"]
[Site "London"]
[Date "2016.12.14"]
[Round "3"]
[White "Abedian, Mohsen"]
[Black "Bovtramovics, Vladimirs"]
[Result "0-1"]
[WhiteElo "1607"]
[BlackElo "1731"]
[PlyCount "55"]
[EventDate "2016.12.12"]
[EventType "swiss"]
[EventRounds "5"]
[EventCountry "ENG"]
[SourceTitle "EXT 2019"]
[Source "ChessBase"]
[SourceDate "2018.10.10"]
[SourceVersion "1"]
[SourceVersionDate "2018.10.10"]
[SourceQuality "1"]

1. e4 c5 2. Nf3 Nc6 3. d4 cxd4 4. Nxd4 Nf6 5. Nxc6 bxc6 6. e5 Qa5+ 7. Nc3 Qxe5+ 8. Be2 d5 9. Be3 Qc7 10. Bc5 e5 11. Bxf8 Kxf8 12. Qd3 Be6 13. 0-0 h5 14. f4 Qb6+ 15. Kh1 e4 16. Qd2 Ng4 17. f5 Bc8 18. Bxg4 hxg4 19. Rad1 Qa5 20. f6 g3 21. fxg7+ Kxg7 22. h3 Bxh3 23. gxh3 Rxh3+ 24. Kg2 Rh2+ 25. Kxg3 Rxd2 26. Rxd2 Rg8 27. Rf4 Kf8+ 28. Kh3 0-1

[Event "London Classic op U1750 8th"]
[Site "London"]
[Date "2016.12.13"]
[Round "2"]
[White "Abedian, Mohsen"]
[Black "Fisher, Neal"]
[Result "1-0"]
[WhiteElo "1607"]
[BlackElo "1378"]
[PlyCount "91"]
[EventDate "2016.12.12"]
[EventType "swiss"]
[EventRounds "5"]
[EventCountry "ENG"]
[SourceTitle "EXT 2019"]
[Source "ChessBase"]
[SourceDate "2018.10.10"]
[SourceVersion "1"]
[SourceVersionDate "2018.10.10"]
[SourceQuality "1"]

1. e4 e5 2. Nf3 d6 3. Bc4 Nf6 4. Ng5 d5 5. exd5 Nxd5 6. Nxf7 Kxf7 7. Qf3+ Qf6 8. Bxd5+ Ke8 9. Bxb7 Bxb7 10. Qxb7 Qc6 11. Qc8+ Ke7 12. Qg4 Nd7 13. Nc3 Nf6 14. Qg5 Kf7 15. 0-0 h6 16. Qxe5 Bd6 17. Qb5 Qc5 18. Qxc5 Bxc5 19. d3 Rhe8 20. Bf4 c6 21. Rae1 Bd4 22. Bd2 Reb8 23. b3 Re8 24. Ne4 Nxe4 25. Rxe4 Rxe4 26. dxe4 Re8 27. c3 Bb6 28. Re1 a6 29. g3 Kg6 30. Kg2 Rf8 31. f4 Rd8 32. Re2 Kf7 33. f5 Kf6 34. g4 Bc7 35. h4 Rd3 36. g5+ hxg5 37. hxg5+ Ke5 38. Be1 Kf4 39. Bd2+ Kg4 40. Be3 Rxc3 41. f6 gxf6 42. g6 f5 43. g7 Rxe3 44. Rxe3 Kf4 45. Re2 fxe4 46. g8Q 1-0

[Event "London Classic op U1750 8th"]
[Site "London"]
[Date "2016.12.12"]
[Round "1"]
[White "Kapur, Gul"]
[Black "Abedian, Mohsen"]
[Result "0-1"]
[WhiteElo "1216"]
[BlackElo "1607"]
[PlyCount "72"]
[EventDate "2016.12.12"]
[EventType "swiss"]
[EventRounds "5"]
[EventCountry "ENG"]
[SourceTitle "EXT 2019"]
[Source "ChessBase"]
[SourceDate "2018.10.10"]
[SourceVersion "1"]
[SourceVersionDate "2018.10.10"]
[SourceQuality "1"]

1. d4 Nf6 2. Nf3 g6 3. c4 Bg7 4. Nc3 d5 5. Bf4 a6 6. e3 e6 7. c5 0-0 8. Bd3 Nc6 9. a3 Nh5 10. Bg3 Re8 11. Ne2 Nxg3 12. hxg3 e5 13. Nh4 exd4 14. Kd2 dxe3+ 15. fxe3 Qg5 16. Qg1 Bd4 17. Kc2 Bxe3 18. Qh2 Qh5 19. Nf4 Nd4+ 20. Kb1 Bxf4 21. gxf4 Re3 22. Ka2 Rxd3 23. Rae1 Be6 24. Re5 Qh6 25. g3 Nc6 26. Re2 d4+ 27. Ka1 Qg7 28. Nf3 Rxf3 29. Rhe1 Rd8 30. Rd2 Na5 31. Kb1 Bf5+ 32. Ka2 Nc4 33. Rde2 Be6 34. Ka1 d3 35. Re4 d2 36. Rd1 Qxb2# 0-1